000 00281nam a22001217a 4500
008 170502b xxu||||| |||| 00| 0 eng d
041 _aeng
080 _210TH
_a34
100 _a14
101 _aSHJ
245 _aFEDERAL RULES OF EVIDENCE MANUAL
_cSALTZBURG, S.A
942 _2udc
_cBK
999 _c12413
_d12413